Statistics for SZA - Blind (All Lyrics)

Click here to take the quiz!

General Stats

  • This quiz has been taken 56 times
  • The average score is 235 of 330

Answer Stats

Answer% Correct
N****s
100%
B
97%
I
97%
a
95%
can't
95%
the
95%
blind
92%
blind,
92%
Blind,
92%
me
92%
me,
92%
n****,
92%
it,
90%
it
90%
to
90%
when
90%
You
90%
you
90%
I'm
87%
want
87%
All
85%
all
85%
at"
85%
at
85%
get
85%
in
85%
see,
85%
see
85%
attack
82%
My,
82%
My
82%
my
82%
of
82%
embarrassing
79%
hood
79%
no
79%
on
79%
on,
79%
past
79%
ratchet
79%
so
79%
callin'
77%
inside
77%
It's
77%
Put
77%
Bob
74%
don't
74%
living
74%
Fuckin'
72%
Greedy,
72%
he
72%
much
72%
much,
72%
pussy
72%
'Cause
69%
'cause
69%
ex
69%
last
69%
still
69%
love
67%
now
67%
tense
67%
they
67%
like
64%
playin'
64%
validate
64%
victim
64%
Way
62%
way
62%
ain't
59%
check,
59%
fasting
59%
freely
59%
how
59%
speak
59%
too
59%
And
56%
and
56%
be
56%
care
56%
escape
56%
hurt
56%
pick-
56%
things
56%
this
56%
your
56%
Eating
54%
knew
54%
pass
54%
that
54%
dance
51%
everything,
51%
Julia
51%
need
51%
Plan
51%
receipt
51%
change
49%
give
49%
lost
49%
never
49%
"Never
49%
pop
49%
Saget
49%
times
49%
up
49%
bitch
46%
Cassius
46%
down,
46%
back
44%
precedes
44%
shit
44%
Stiles,
44%
where
44%
"Calm
41%
getting
41%
let
41%
say
41%
babies
38%
'bout
38%
lay
38%
light
38%
night
38%
vroom
38%
whole
38%
gun
36%
out
36%
pipe
36%
Raunchy
36%
red
36%
taking
36%
talking
36%
tomb
36%
hit
33%
possessed,
33%
righteousness
33%
violence,
33%
day
31%
Mama
31%
seek
31%
spirit
31%
stay
31%
third
31%
clutch
28%
could
28%
Mind
28%
payback
28%
worse",
28%
lust
26%
rather
26%
told
26%
come,
23%
dysfunction
23%
Hey,
23%
pull
21%
tell
21%
wrong
21%
Better
15%
high,
13%

Score Distribution

Percentile by Number Answered

Percent of People with Each Score

Your Score History

You have not taken this quiz